000 00357pab a2200145 454500
008 180718b2005 xxu||||| |||| 00| 0 eng d
100 _aKurup, G. Radhakrishna
245 _aGandhian alternative to globalisation
260 _c2005
300 _aP.157-79.
650 _aGandhi, M.K.
650 _aGlobalization
773 _aISDA Journal
909 _a67782
999 _c67782
_d67782